00853pam a2200277 ia4500001001400000003000400014005001700018008004100035015001400076020002300090020003800113040002900151082001700180100003500197245003600232264005700268300004700325336002100372337002500393338002300418490002900441650003000470650002800500650001800528830002900546vtls000884711PNM20210117225410.0190903s2020 my a j 000 1 may  aM20-02643 a9789670975788qset a9789670975818qpaperbackcRM23.62 aBNMbengcBNMerdadPPAK04a899.23332230 aRuzaini Ahmad,d1986-eauthor.10aNASIB SI HITAM /cRuzaini Ahmad 1aKuching, Sarawak :bANUGERAH PUBLICATIONS, c[2020?] a46 pages :bcolour illustrations ;c22 cm. atext2rdacontent aunmediated2rdamedia avolume2rdacarrier1 aTELADAN GENERASI BESTARI10aChildren's stories, Malay24aDidactic fiction, Malay20aMalay fiction 0aTeladan generasi bestari